[Event "Hamburg HSK Easter op"]
[Site "Hamburg"]
[Date "2025.04.21"]
[Round "7"]
[White "Kock, Rudolf"]
[Black "Schranz, Patrick"]
[Result "1-0"]
[WhiteElo "1627"]
[BlackElo "1696"]
[PlyCount "43"]
[EventDate "2025.04.18"]
[EventType "swiss"]
[EventRounds "7"]
[EventCountry "GER"]
[SourceTitle "CB20_2025"]
[SourceDate "2025.05.14"]
[SourceVersion "1"]
[SourceVersionDate "2025.05.14"]
[SourceQuality "1"]

1. f4 d5 2. b3 Nf6 3. Bb2 Bf5 4. Nf3 e6 5. e3 Be7 6. d3 0-0 7. Nbd2 c5 8. Qe2 Nc6 9. Nh4 Bg4 10. Qf2 Nd7 11. Nhf3 Nb4 12. h3 Nxc2+ 13. Kd1 Nxa1 14. hxg4 Bf6 15. d4 cxd4 16. exd4 Nxb3 17. axb3 Qc7 18. g5 Qxf4 19. gxf6 Nxf6 20. Rh4 Qc7 21. Bd3 h6 22. g4 1-0

[Event "Hamburg HSK Easter op"]
[Site "Hamburg"]
[Date "2025.04.19"]
[Round "3"]
[White "Haertel, Leon"]
[Black "Schranz, Patrick"]
[Result "1/2-1/2"]
[WhiteElo "1855"]
[BlackElo "1696"]
[PlyCount "40"]
[EventDate "2025.04.18"]
[EventType "swiss"]
[EventRounds "7"]
[EventCountry "GER"]
[SourceTitle "CB20_2025"]
[SourceDate "2025.05.14"]
[SourceVersion "1"]
[SourceVersionDate "2025.05.14"]
[SourceQuality "1"]

1. d4 d5 2. c4 dxc4 3. e3 Nf6 4. Bxc4 e6 5. Nf3 Bb4+ 6. Ke2 0-0 7. a3 Bd6 8. Nc3 Nbd7 9. b4 Nb6 10. Bb3 Nbd5 11. Bb2 b6 12. Qd3 Bb7 13. Bc2 a5 14. b5 Qd7 15. Nxd5 Bxd5 16. Nd2 g6 17. f3 Be7 18. a4 Rac8 19. e4 Bb7 20. Nc4 Ne8 1/2-1/2

[Event "Hamburg HSK Easter op"]
[Site "Hamburg"]
[Date "2024.03.29"]
[Round "1"]
[White "Schranz, Patrick"]
[Black "Wenzel, Birger"]
[Result "0-1"]
[WhiteElo "1694"]
[BlackElo "2026"]
[PlyCount "58"]
[EventDate "2024.03.29"]
[EventType "swiss"]
[EventRounds "7"]
[EventCountry "GER"]
[SourceTitle "CBM 219 Extra"]
[Source "ChessBase"]
[SourceDate "2024.05.31"]
[SourceVersion "1"]
[SourceVersionDate "2024.05.31"]
[SourceQuality "1"]

1. d4 Nf6 2. c4 e6 3. Nc3 Bb4 4. Bd2 c5 5. e3 cxd4 6. exd4 0-0 7. Nf3 Re8 8. Bd3 d5 9. cxd5 exd5+ 10. Be3 Ng4 11. 0-0 Rxe3 12. fxe3 Nxe3 13. Qe2 Nxf1 14. Rxf1 Be6 15. Ne5 Qh4 16. Nb5 Nc6 17. Nf3 Qe7 18. Qc2 h6 19. a3 Ba5 20. Nc3 Bb6 21. Ne2 Bg4 22. Qc3 Rc8 23. Qb3 Bxf3 24. Rxf3 Nxd4 25. Nxd4 Bxd4+ 26. Kh1 Rc1+ 27. Rf1 Qe3 28. Bh7+ Kxh7 29. Qxe3 Rxf1+ 0-1

[Event "GER-ch Net blitz qual1"]
[Site "Playchess.com INT"]
[Date "2021.04.24"]
[Round "11"]
[White "Plaettner, Stefan"]
[Black "Schranz, Patrick"]
[Result "1-0"]
[WhiteElo "1620"]
[BlackElo "1373"]
[PlyCount "121"]
[EventDate "2021.04.24"]
[EventType "swiss (blitz)"]
[EventRounds "11"]
[EventCountry "GER"]
[SourceTitle "CBM 202 Extra"]
[Source "ChessBase"]
[SourceDate "2021.07.31"]
[SourceVersion "1"]
[SourceVersionDate "2021.07.31"]
[SourceQuality "1"]

1. e4 e5 2. Nf3 Nc6 3. Bb5 d6 4. d4 exd4 5. Nxd4 Bd7 6. Nc3 a6 7. Ba4 b5 8. Bb3 Nxd4 9. Qxd4 Qf6 10. Qxf6 Nxf6 11. 0-0 Be7 12. Re1 0-0 13. Nd5 Nxd5 14. exd5 Bf6 15. c3 Rfe8 16. Bf4 b4 17. Bd2 bxc3 18. Bxc3 Bxc3 19. bxc3 Rxe1+ 20. Rxe1 Re8 21. Rxe8+ Bxe8 22. Kf1 c6 23. Ke2 cxd5 24. Bxd5 Bb5+ 25. Ke3 Kf8 26. Kd4 Ke7 27. c4 Ba4 28. Bb7 a5 29. c5 dxc5+ 30. Kxc5 Bd1 31. Kb5 a4 32. Kb4 Kd6 33. Ba6 a3 34. Kxa3 Kc5 35. Kb2 Kb4 36. a3+ Ka5 37. Bc4 f6 38. Bb3 Be2 39. Kc3 Bf1 40. g3 h6 41. Kd4 Kb6 42. Ke4 Bg2+ 43. Kf5 Kc5 44. Kg6 Kd4 45. Kxg7 Kc3 46. Be6 h5 47. Kxf6 Bf3 48. Kg5 Kb2 49. a4 Ka3 50. a5 Ka4 51. a6 Ka5 52. g4 hxg4 53. Bxg4 Ba8 54. Bc8 Kb6 55. Bb7 Bxb7 56. axb7 Kxb7 57. Kg6 Kc7 58. h4 Kd7 59. Kg7 Ke7 60. h5 Ke8 61. h6 1-0

[Event "GER-ch Net blitz qual1"]
[Site "Playchess.com INT"]
[Date "2021.04.24"]
[Round "4"]
[White "Schranz, Patrick"]
[Black "Bussemer, Karsten"]
[Result "0-1"]
[WhiteElo "1373"]
[BlackElo "1644"]
[PlyCount "114"]
[EventDate "2021.04.24"]
[EventType "swiss (blitz)"]
[EventRounds "11"]
[EventCountry "GER"]
[SourceTitle "CBM 202 Extra"]
[Source "ChessBase"]
[SourceDate "2021.07.31"]
[SourceVersion "1"]
[SourceVersionDate "2021.07.31"]
[SourceQuality "1"]

1. d4 d5 2. Nf3 Bf5 3. c4 c6 4. e3 e6 5. cxd5 exd5 6. Bd3 Bg4 7. 0-0 Nf6 8. Nc3 Bd6 9. Be2 0-0 10. Ne5 Be6 11. Re1 Nbd7 12. Bd3 Nxe5 13. dxe5 Bxe5 14. Qc2 h6 15. f4 Bc7 16. e4 dxe4 17. Bxe4 Nxe4 18. Nxe4 Bd5 19. Be3 Re8 20. Nc3 Bb6 21. Bxb6 Qxb6+ 22. Kh1 Qc5 23. Qd3 Qc4 24. Qxc4 Bxc4 25. b3 Be6 26. Ne4 Bd5 27. Nd6 Rxe1+ 28. Rxe1 c5 29. Rd1 Bc6 30. Rc1 b6 31. Re1 Rd8 32. Nc4 Bb5 33. h3 Bxc4 34. bxc4 Kf8 35. a4 Rd4 36. a5 Rxc4 37. axb6 axb6 38. Rb1 Rb4 39. Ra1 Rxf4 40. Ra8+ Ke7 41. Rb8 Rb4 42. Rb7+ Ke6 43. Kg1 c4 44. Kf1 Rb2 45. Ke1 b5 46. Kd1 b4 47. Rb6+ Ke5 48. Rb5+ Ke4 49. Rb7 c3 50. Rxf7 Rxg2 51. Re7+ Kd4 52. Rd7+ Kc4 53. Rc7+ Kb3 54. h4 Kb2 55. Rb7 b3 56. h5 c2+ 57. Ke1 c1Q# 0-1

[Event "GER-ch Net blitz qual1"]
[Site "Playchess.com INT"]
[Date "2021.04.24"]
[Round "8"]
[White "Schranz, Patrick"]
[Black "Grund, Erwin1"]
[Result "1-0"]
[WhiteElo "1373"]
[BlackElo "1721"]
[PlyCount "57"]
[EventDate "2021.04.24"]
[EventType "swiss (blitz)"]
[EventRounds "11"]
[EventCountry "GER"]
[SourceTitle "CBM 202 Extra"]
[Source "ChessBase"]
[SourceDate "2021.07.31"]
[SourceVersion "1"]
[SourceVersionDate "2021.07.31"]
[SourceQuality "1"]

1. d4 d5 2. c4 e6 3. e3 c6 4. Nc3 f5 5. cxd5 exd5 6. Nf3 Nf6 7. Bd3 Bd6 8. Qc2 g6 9. 0-0 0-0 10. Ne5 Ne4 11. Nxe4 fxe4 12. Be2 Bxe5 13. dxe5 Qe7 14. f4 exf3 15. Bxf3 Qxe5 16. Bd2 Bf5 17. Qb3 Qe7 18. Bc3 Qxe3+ 19. Kh1 Qb6 20. Bxd5+ cxd5 21. Qxd5+ Rf7 22. Qe5 Kf8 23. Rae1 Rf6 24. Qe8+ Kg7 25. Re7+ Kh6 26. Bd2+ g5 27. Qg8 Bg6 28. Rxh7+ Bxh7 29. Qxg5# 1-0

[Event "GER-ch U25-B"]
[Site "Willingen"]
[Date "2016.05.17"]
[Round "4"]
[White "Seliokaite, Ana"]
[Black "Schranz, Patrick"]
[Result "1-0"]
[WhiteElo "1138"]
[BlackElo "1504"]
[PlyCount "53"]
[EventDate "2016.05.15"]
[EventType "swiss"]
[EventRounds "9"]
[EventCountry "GER"]
[SourceTitle "CBM 172 Extra"]
[Source "ChessBase"]
[SourceDate "2016.06.21"]
[SourceVersion "1"]
[SourceVersionDate "2016.06.21"]
[SourceQuality "1"]

1. e4 e5 2. Nf3 Nc6 3. Bc4 Nf6 4. Ng5 d5 5. exd5 Nxd5 6. Nxf7 Kxf7 7. Qf3+ Ke6 8. Nc3 Ncb4 9. Qe4 c6 10. a3 Na6 11. d4 Bd6 12. Nxd5 cxd5 13. Qxd5+ Kd7 14. dxe5 Qe7 15. Bb5+ Kc7 16. Qxd6+ Qxd6 17. exd6+ Kxd6 18. Bf4+ Kc5 19. a4 Nb4 20. 0-0-0 Kb6 21. Rd6+ Nc6 22. b4 a5 23. c3 Bf5 24. Kb2 Rhd8 25. Rhd1 Re8 26. f3 Re2+ 27. Bxe2 1-0

[Event "GER-ch U25-B"]
[Site "Willingen"]
[Date "2016.05.15"]
[Round "2"]
[White "Kreitmeier, Anika"]
[Black "Schranz, Patrick"]
[Result "1/2-1/2"]
[WhiteElo "1310"]
[BlackElo "1504"]
[PlyCount "50"]
[EventDate "2016.05.15"]
[EventType "swiss"]
[EventRounds "9"]
[EventCountry "GER"]
[SourceTitle "CBM 172 Extra"]
[Source "ChessBase"]
[SourceDate "2016.06.21"]
[SourceVersion "1"]
[SourceVersionDate "2016.06.21"]
[SourceQuality "1"]

1. e4 e5 2. Nf3 Nc6 3. d4 exd4 4. Nxd4 d5 5. Nxc6 bxc6 6. exd5 Qxd5 7. Nc3 Bb4 8. Bd2 Qe6+ 9. Be2 Nf6 10. 0-0 0-0 11. Bf3 Bb7 12. Re1 Qd6 13. Re2 Rad8 14. Qe1 Ba6 15. Ne4 Bxd2 16. Rxd2 Qe5 17. Nxf6+ Qxf6 18. c3 g6 19. Qc1 c5 20. Qc2 Rfe8 21. Rxd8 Qxd8 22. Rd1 Qe7 23. h3 Bc8 24. Bc6 Rd8 25. Rxd8+ Qxd8 1/2-1/2